Doing business with the Japanese

में बचाया:
ग्रंथसूची विवरण
मुख्य लेखक: Deutsch, Mitchell F.
स्वरूप: पुस्तक
भाषा:Undetermined
प्रकाशित: New York New American Library 1983
विषय:
टैग : टैग जोड़ें
कोई टैग नहीं, इस रिकॉर्ड को टैग करने वाले पहले व्यक्ति बनें!
Thư viện lưu trữ: Trung tâm Học liệu Trường Đại học Cần Thơ
LEADER 00493nam a2200181Ia 4500
001 CTU_78974
008 210402s9999 xx 000 0 und d
082 |a 658.1 
082 |b D485 
100 |a Deutsch, Mitchell F. 
245 0 |a Doing business with the Japanese 
245 0 |c Mitchell F. Deutsch 
260 |a New York 
260 |b New American Library 
260 |c 1983 
650 |a Corporations, American 
650 |z Japan 
980 |a Trung tâm Học liệu Trường Đại học Cần Thơ